US Airlines Random Knowledge - Statistics

General Stats
  • This quiz has been taken 14 times
  • The average score is 16 of 25
Answer Stats
Hint Answer % Correct
Merged with US Airways American
90%
Created "SkyMiles" Delta
90%
Headquartered in the Sears Tower United
90%
Operates hubs at ORD, CLT, and PHX American
80%
Offered 2 free bags until 2025 Southwest
80%
Created "MileagePlus" United
80%
Bought Hawaiian Alaska
70%
Its largest hub is in Seattle Alaska
70%
Operates the Admiral's Club American
70%
Operates SkyClubs Delta
70%
Fleet is entirely 737s Southwest
70%
Headquartered at Dallas Love Field Southwest
70%
Flies bright yellow aircraft Spirit
70%
"Fly the Friendly Skies" United
70%
"Keep Climbing" Delta
60%
Known for serving stroopwafel United
60%
Offers free wifi through Starlink United
60%
Merged with Northwest Delta
50%
First US airline to offer free wifi Delta
50%
Offers "mint" business class JetBlue
50%
Paints each plane with a unique tailfin pattern JetBlue
50%
Headquartered in Las Vegas Allegiant
40%
Let Good Take Flight" American
40%
Offers a pass called "Go Wild!" Frontier
40%
Offers a "seriously nice" product Breeze
20%
No matching quizzes found
Score Distribution
Percent of People with Each Score
Percentile by Number Answered
Your Score History
You have not taken this quiz